The French Guiana Quiz - Statistics

General Stats
  • This quiz has been taken 766 times
  • The average score is 10 of 19
Answer Stats
Hint Answer % Correct
Countries that border French Guiana Brazil
98%
Countries that border French Guiana Suriname
98%
About 98.9% of the land in French Guiana is covered with this Forest
96%
French Guiana has the ______ nominal GDP per capita in South America Highest
79%
Currency that is most commonly used in French Guiana Euro
76%
Capital of French Guiana Cayenne
73%
Country that conquered the French Guiana in 1809 and ruled until 1817 Portugal
71%
Name one of the other three overseas French territories that are more populous than the French Guiana Reunion | Guadeloupe | Martinique
67%
Main agricultural export of French Guiana during the colonial era Sugar
63%
National park that covers about 41% of the land in French Guiana Guiana {Amazon}ian Park
62%
Type of vegetable that is named after the capital of French Guiana Cayenne Pepper
50%
Insect-eating animal that appears on the coat of arms of French Guiana Anteater
46%
Type of colony the French Guiana was developed into after 1803 {Penal} Colony
44%
Lao hill people who immigrated to French Guiana in several hundreds in the 1970s and 80s Hmong
29%
Infamous islands to which the most notorious criminals were sent to {Devil}'s Islands
26%
Guiana Space Centre is the primary _______ of the European Space Agency Spaceport
18%
French Guiana and its neighbours are situated on this part of the Earth's crust Guiana {Shield}
17%
Commune or town in which the above is located Kourou
17%
River that makes the western border of French Guiana Maroni River
10%
No matching quizzes found
Score Distribution
Percent of People with Each Score
Percentile by Number Answered
Your Score History
You have not taken this quiz